ბათუმის შოთა რუსთაველის სახელმწიფო უნივერსიტეტის ბიბლიოთეკა

Plagiarism : (ბიბ.ჩანაწერი № 58224)

000 -LEADER
fixed length control field 00884cam a2200217 a 4500
001 - CONTROL NUMBER
control field 15521690
005 - DATE AND TIME OF LATEST TRANSACTION
control field 20210922113918.0
008 - FIXED-LENGTH DATA ELEMENTS--GENERAL INFORMATION
fixed length control field 081114s2009 nhua b 001 0 eng
020 ## - INTERNATIONAL STANDARD BOOK NUMBER
International Standard Book Number 9780325026435
041 ## - LANGUAGE CODE
Language code of text/sound track or separate title eng
080 ## - UNIVERSAL DECIMAL CLASSIFICATION NUMBER
Universal Decimal Classification number 371.58 G-45
100 1# - MAIN ENTRY--PERSONAL NAME
Personal name Gilmore, Barry.
9 (RLIN) 12515
245 10 - TITLE STATEMENT
Title Plagiarism :
Remainder of title a how-not-to guide for students /
Statement of responsibility, etc. Barry Gilmore.
264 ## - PRODUCTION, PUBLICATION, DISTRIBUTION, MANUFACTURE, AND COPYRIGHT NOTICE
Place of production, publication, distribution, manufacture Portsmouth, NH :
Name of producer, publisher, distributor, manufacturer Heinemann,
Date of production, publication, distribution, manufacture, or copyright notice 2009.
300 ## - PHYSICAL DESCRIPTION
Extent 98 p. :
Other physical details ill. ;
Dimensions 24 cm.
504 ## - BIBLIOGRAPHY, ETC. NOTE
Bibliography, etc. note Includes bibliographical references (p. 89-92) and index.
653 ## - INDEX TERM--UNCONTROLLED
keyword პლაგიატი
653 ## - INDEX TERM--UNCONTROLLED
keyword გზამკვლევი სტუდენტებისთვის
942 ## - ADDED ENTRY ELEMENTS (KOHA)
Source of classification or shelving scheme
Koha item type წიგნი
ეგზემპლარები
Withdrawn status Lost status Source of classification or shelving scheme Damaged status Not for loan Permanent Location Current Location Shelving location Date acquired Cost, normal purchase price Full call number Barcode Date last seen Copy number Price effective from Koha item type Public note
          ბათუმის შოთა რუსთაველის სახელმწიფო უნივერსიტეტის მთავარი ბიბლიოთეკა ბათუმის შოთა რუსთაველის სახელმწიფო უნივერსიტეტის მთავარი ბიბლიოთეკა წიგნსაცავი 2021-09-22 69.00 371.58 G-45 61714 2021-09-22 61714 2021-09-22 წიგნი 69 ლ.